000 00547nam a22001817a 4500
005 20251108172033.0
008 250721s1990 xx 000 0 ara d
082 1 4 _a370.71/معل
100 1 _aالمصري، منذر
245 1 0 _aالمعلم المهني /
264 1 _aعمان :
_bالمركز العربي للتدريب المهني و إعداد المدربين،
_c1990.
300 _a262ص
650 1 7 _aالمعلمون
650 1 7 _aتدريب
650 1 7 _aالتعليم المهني
942 _2ddc
_cBK
999 _c68847
_d68847